Search the Library Catalogue
| 000 -LEADER | |
|---|---|
| fixed length control field | 00814nam a2200241Ia 4500 |
| 008 - FIXED-LENGTH DATA ELEMENTS--GENERAL INFORMATION | |
| fixed length control field | 191130s2003##################000#0#eng## |
| 020 ## - INTERNATIONAL STANDARD BOOK NUMBER | |
| International Standard Book Number | 9780521618526 |
| 022 ## - INTERNATIONAL STANDARD SERIAL NUMBER | |
| International Standard Serial Number | 2002035178 |
| 040 ## - CATALOGING SOURCE | |
| Original cataloging agency | ACL |
| Transcribing agency | ACL |
| 082 ## - DEWEY DECIMAL CLASSIFICATION NUMBER | |
| Classification number | 302.232090 MCK |
| 100 ## - MAIN ENTRY--PERSONAL NAME | |
| Personal name | McKitterick, David |
| 245 ## - TITLE STATEMENT | |
| Title | Print, manuscript, and the search for order, 1450-1830 |
| Statement of responsibility, etc. | David McKitterick |
| 260 ## - PUBLICATION, DISTRIBUTION, ETC. | |
| Place of publication, distribution, etc. | Cambridge |
| Name of publisher, distributor, etc. | Cambridge University Press |
| Date of publication, distribution, etc. | 2003 |
| 300 ## - PHYSICAL DESCRIPTION | |
| Extent | xv, 311 p. : ill. ; 25 cm |
| 500 ## - GENERAL NOTE | |
| General note | Includes bibliographical references (p. [231]-302) and indexes |
| 650 ## - SUBJECT ADDED ENTRY--TOPICAL TERM | |
| Topical term or geographic name entry element | Books - Europe - History |
| Topical term or geographic name entry element | Early printed books - Europe - Bibliography |
| Topical term or geographic name entry element | Printing - Europe - History |
| Topical term or geographic name entry element | Transmission of texts |
| 990 ## - EQUIVALENCES OR CROSS-REFERENCES [LOCAL, CANADA] | |
| Link information for 9XX fields | ebb422f2ac10000c112596762b1aacad |
| 991 ## - | |
| -- | 125843 |
| Withdrawn status | Lost status | Materials specified (bound volume or other part) | Damaged status | Not for loan | Home library | Current library | Shelving location | Date acquired | Total Checkouts | Full call number | Barcode | Date last seen | Price effective from | Koha item type |
|---|---|---|---|---|---|---|---|---|---|---|---|---|---|---|
| pbk | Anna Centenary Library | Anna Centenary Library | 3RD FLOOR, B WING | 09.10.2020 | 302.232090 MCK | 101217 | 09.10.2020 | 09.10.2020 | English Books | |||||
| pbk | Anna Centenary Library | Anna Centenary Library | 3RD FLOOR, A WING | 09.10.2020 | 302.232090 MCK | 103227 | 09.10.2020 | 09.10.2020 | English Books |